000 00892cam a2200301 a 4500
999 _c224
_d224
001 223803564
003 OCoLC
005 20190801151331.0
008 090206s2008 nyua b 001 0 eng
010 _a 2009285057
020 _a9780143113454 (pbk.)
020 _a0143113453 (pbk.)
035 _a(OCoLC)223803564
040 _aDLC
_cDLC
_dBTCTA
_dBAKER
_dYDXCP
_dOMP
_dBWX
_dBNY
082 0 0 _a003 GLE
_222
091 _a003.857
100 1 _aGleick, James.
_eauthor
245 1 0 _aChaos :
_bmaking a new science /
_cJames Gleick.
250 _a20th anniversary ed.
260 _aNew York, N.Y. :
_bPenguin Books,
_cc2008.
300 _axiii, 360 p. :
_bill. (some col.) ;
_c24 cm.
504 _aIncludes bibliographical references (p. 325-347) and index.
650 0 _aChaotic behavior in systems.
901 _alis
908 0 0 _aQ172.5.C45
942 _2ddc
_cNFIC